इंद्रनील (Record no. 314677)

MARC details
000 -LEADER
fixed length control field 00519nam a2200169Ia 4500
008 - FIXED-LENGTH DATA ELEMENTS--GENERAL INFORMATION
fixed length control field 090711s9999 xx 000 0 und d
082 ## - DEWEY DECIMAL CLASSIFICATION NUMBER
Item number 79588
100 ## - MAIN ENTRY--PERSONAL NAME
Personal name इनामदार ना. स.
245 ## - TITLE STATEMENT
Title इंद्रनील
260 ## - PUBLICATION, DISTRIBUTION, ETC. (IMPRINT)
Name of publisher, distributor, etc सन पब्लिकेशन पुणे
Date of publication, distribution, etc 1996
300 ## - PHYSICAL DESCRIPTION
Extent 253
600 ## - SUBJECT ADDED ENTRY--PERSONAL NAME
Personal name इनामदार ना. स.
630 ## - SUBJECT ADDED ENTRY--UNIFORM TITLE
Uniform title इंद्रनील
700 ## - ADDED ENTRY--PERSONAL NAME
Personal name इनामदार ना. स.
730 ## - ADDED ENTRY--UNIFORM TITLE
Uniform title इंद्रनील
942 ## - ADDED ENTRY ELEMENTS (KOHA)
Koha item type Book
Holdings
Withdrawn status Lost status Damaged status Not for loan Home library Current library Date acquired Cost, normal purchase price Total Checkouts Full call number Barcode Date last seen Cost, replacement price Price effective from Koha item type
        Dadar Sarvajanik Vachanalaya, Dardar Dadar Sarvajanik Vachanalaya, Dardar 02/05/1997 100.00   79588 DASAVA-79588 07/11/2009 100.00 07/11/2009 Book